[Event "Reykjavik op"]
[Site "Reykjavik"]
[Date "2023.04.03"]
[Round "8"]
[White "Dauth, Benjamin"]
[Black "Kienitz, Andre"]
[Result "1-0"]
[WhiteElo "2261"]
[BlackElo "2039"]
[PlyCount "169"]
[EventDate "2023.03.29"]
[EventType "swiss"]
[EventRounds "9"]
[EventCountry "ISL"]
[SourceTitle "EXT 2024"]
[Source "ChessBase"]
[SourceDate "2023.10.10"]
[SourceVersion "1"]
[SourceVersionDate "2023.10.10"]
[SourceQuality "1"]

1. e4 e5 2. Bc4 Nf6 3. d3 Nc6 4. Nf3 Bc5 5. 0-0 a6 6. h3 d6 7. a3 h6 8. c3 Ba7 9. Be3 0-0 10. Bxa7 Rxa7 11. Re1 Ne7 12. Nbd2 Ng6 13. d4 exd4 14. Nxd4 c5 15. Nc2 b5 16. Bf1 Re7 17. a4 Bb7 18. axb5 axb5 19. Bxb5 Nxe4 20. Nc4 d5 21. N4e3 Qb6 22. Bd3 Qxb2 23. Rb1 Qxc3 24. Rxb7 Rxb7 25. Nxd5 Nxf2 26. Kxf2 Qb3 27. Nce3 Qxd1 28. Rxd1 Ne5 29. Be4 Rb2+ 30. Kg1 g6 31. g4 Kg7 32. Bg2 Rfb8 33. Be4 Ra2 34. Rc1 c4 35. Nxc4 Nxc4 36. Rxc4 Rbb2 37. Rc1 Re2 38. Nc3 Rxe4 39. Nxe4 Re2 40. Rc4 Ra2 41. Rc7 Ra1+ 42. Kg2 Ra2+ 43. Kf3 Ra3+ 44. Rc3 Ra7 45. Kf4 Ra1 46. Nc5 Kf6 47. Rf3 Ke7 48. Re3+ Kd6 49. Nb3 Ra4+ 50. Kf3 Rb4 51. Nd2 Kd7 52. Ne4 Ke6 53. Nc3+ Kd6 54. Rd3+ Ke6 55. Nd5 Ra4 56. Nc7+ Kf6 57. Ne8+ Ke7 58. Re3+ Kf8 59. Kg3 f5 60. gxf5 gxf5 61. Re1 Ra3+ 62. Kh4 Kf7 63. Nd6+ Kf6 64. Rf1 Ra5 65. Kh5 Ke6 66. Nc4 Ra4 67. Re1+ Kf6 68. Nd2 Ra3 69. h4 Rh3 70. Rf1 Ke5 71. Nc4+ Ke6 72. Re1+ Kf6 73. Ne3 Rh2 74. Nd5+ Kf7 75. Re7+ Kf8 76. Re5 Kg7 77. Rxf5 Ra2 78. Nf6 Re2 79. Ng4 Re6 80. Ra5 Rb6 81. Ra7+ Kh8 82. Ne5 Rf6 83. Ng6+ Kg8 84. Kxh6 Re6 85. Rg7# 1-0

[Event "Reykjavik op"]
[Site "Reykjavik"]
[Date "2023.04.01"]
[Round "6"]
[White "Dauth, Benjamin"]
[Black "Schaefer, Kay"]
[Result "1-0"]
[WhiteElo "2261"]
[BlackElo "1919"]
[PlyCount "107"]
[EventDate "2023.03.29"]
[EventType "swiss"]
[EventRounds "9"]
[EventCountry "ISL"]
[SourceTitle "CBM 213 Extra"]
[Source "ChessBase"]
[SourceDate "2023.05.31"]
[SourceVersion "1"]
[SourceVersionDate "2023.05.31"]
[SourceQuality "1"]

1. e4 c5 2. c3 a6 3. d4 cxd4 4. cxd4 d5 5. e5 Bf5 6. Nc3 e6 7. Bd3 Bxd3 8. Qxd3 g6 9. f4 Ne7 10. Nf3 Bg7 11. 0-0 Nbc6 12. Be3 0-0 13. Rfc1 b5 14. Bf2 Qb6 15. Ne2 Rfc8 16. g4 Ra7 17. Ng3 Rac7 18. Qd2 Nd8 19. Rxc7 Qxc7 20. Ne1 f5 21. gxf5 Nxf5 22. a4 Bf8 23. Nxf5 gxf5 24. axb5 axb5 25. Nd3 Qc2 26. Qe3 Rc7 27. Rc1 Rg7+ 28. Kf1 Qa4 29. Bh4 Be7 30. Bxe7 Rxe7 31. Rc8 Qd1+ 32. Ne1 Re8 33. Qg3+ Qg4 34. Qxg4+ fxg4 35. Kf2 Kf7 36. Kg3 h5 37. Nc2 Rg8 38. Kh4 Ke8 39. Ne3 Kd7 40. Rb8 Kc7 41. Rxb5 Nc6 42. Nc2 Rf8 43. Kg3 Rg8 44. Rc5 Kb6 45. Rc3 Ra8 46. Rd3 Ra2 47. Rb3+ Kc7 48. Kh4 Ra8 49. Rc3 Kd7 50. Rd3 Rf8 51. Kg3 Rb8 52. b3 Ra8 53. Rc3 Ra2 54. Rxc6 1-0

[Event "BL2-Nord 2122"]
[Site "Germany"]
[Date "2022.06.18"]
[Round "7.3"]
[White "Joachim, Sven"]
[Black "Dauth, Benjamin"]
[Result "1/2-1/2"]
[WhiteElo "2396"]
[BlackElo "2277"]
[PlyCount "70"]
[EventDate "2022.03.05"]
[EventType "team-tourn"]
[EventRounds "10"]
[EventCountry "GER"]
[SourceTitle "EXT 2023"]
[Source "ChessBase"]
[SourceDate "2022.10.05"]
[SourceVersion "1"]
[SourceVersionDate "2022.10.05"]
[SourceQuality "1"]
[WhiteTeam "Werder Bremen II"]
[BlackTeam "Berlin Rotation"]
[WhiteTeamCountry "GER"]
[BlackTeamCountry "GER"]

1. e4 e6 2. d3 d5 3. Qe2 dxe4 4. dxe4 Nc6 5. Nf3 e5 6. c3 Nf6 7. Qc2 a6 8. a4 Bc5 9. Bc4 0-0 10. Bg5 Qe7 11. 0-0 Be6 12. Nbd2 h6 13. Bh4 Bxc4 14. Nxc4 Qe6 15. Bxf6 Qxf6 16. b4 Bd6 17. Rfd1 Rfd8 18. a5 Ne7 19. Nfd2 Qe6 20. Qb3 Qf6 21. Nxd6 Qxd6 22. Nf1 Qe6 23. f3 Ng6 24. Ne3 Nf4 25. Nd5 Nxd5 26. Rxd5 Rxd5 27. exd5 Qd6 28. c4 c6 29. Rd1 cxd5 30. c5 Qc6 31. Rxd5 Re8 32. Rd6 Qb5 33. h3 e4 34. fxe4 Rxe4 35. Rd8+ Re8 1/2-1/2

[Event "Oberliga Nord O 1920"]
[Site "Germany"]
[Date "2019.09.29"]
[Round "1.2"]
[White "Dauth, Benjamin"]
[Black "Stubbe, Wilko"]
[Result "1-0"]
[WhiteElo "2256"]
[BlackElo "2222"]
[PlyCount "109"]
[EventDate "2019.09.29"]
[EventType "team-tourn"]
[EventRounds "9"]
[EventCountry "GER"]
[SourceTitle "CBM 195 Extra"]
[Source "ChessBase"]
[SourceDate "2020.05.31"]
[SourceVersion "1"]
[SourceVersionDate "2020.05.31"]
[SourceQuality "1"]

1. e4 e6 2. d3 d5 3. Nd2 Nf6 4. g3 Be7 5. Bg2 c5 6. Ne2 Nc6 7. 0-0 0-0 8. h3 Qc7 9. f4 b5 10. a4 b4 11. g4 dxe4 12. Nxe4 Nxe4 13. Bxe4 Bb7 14. f5 Nd4 15. Bf4 Qc8 16. Bxb7 Qxb7 17. Nxd4 cxd4 18. fxe6 f5 19. gxf5 Rxf5 20. Qe2 Rf6 21. Rf2 Qc6 22. Re1 Raf8 23. Bg3 Rxf2 24. Bxf2 Rf6 25. Bg3 Rg6 26. Kh2 Qxa4 27. Qf3 Rf6 28. b3 Qe8 29. Qd5 Qf8 30. Qxd4 Qc8 31. Qc4 Qb7 32. Qe4 Qc8 33. d4 Qf8 34. Re2 Rf3 35. Kg2 Rf1 36. Rf2 Rxf2+ 37. Bxf2 Qf6 38. d5 Qg5+ 39. Kf1 h5 40. Bxa7 Qc1+ 41. Ke2 Bg5 42. Qf5 Qd2+ 43. Kf3 h4 44. Bf2 Qd1+ 45. Kg2 Bf6 46. Qd3 Qh5 47. d6 Qg5+ 48. Kf1 Qc1+ 49. Ke2 Qf4 50. e7 Qe5+ 51. Kf1 Kh8 52. Qd4 Qb5+ 53. Qc4 Qd7 54. Qg4 Qb5+ 55. Kg1 1-0

[Event "Helsingor Xtracon op"]
[Site "Helsingor"]
[Date "2019.07.23"]
[Round "5"]
[White "Dauth, Benjamin"]
[Black "Lysyj, Igor"]
[Result "0-1"]
[WhiteElo "2263"]
[BlackElo "2623"]
[PlyCount "46"]
[EventDate "2019.07.20"]
[EventType "swiss"]
[EventRounds "10"]
[EventCountry "DEN"]
[SourceTitle "CBM 191 Extra"]
[Source "ChessBase"]
[SourceDate "2019.09.30"]
[SourceVersion "1"]
[SourceVersionDate "2019.09.30"]
[SourceQuality "1"]

1. e4 e5 2. Bc4 Nf6 3. d3 Bc5 4. Be3 Bxe3 5. fxe3 c6 6. Nc3 d6 7. Qf3 b5 8. Bb3 Nbd7 9. Nge2 Nc5 10. Nc1 a5 11. a4 b4 12. N3e2 0-0 13. Ng3 d5 14. exd5 cxd5 15. Nh5 Ra6 16. Nxf6+ Rxf6 17. Qe2 Ba6 18. Qd2 Qd7 19. Ba2 Qxa4 20. e4 Bb7 21. Rf1 Rxf1+ 22. Kxf1 dxe4 23. Qf2 e3 0-1

[Event "Helsingor Xtracon op"]
[Site "Helsingor"]
[Date "2019.07.20"]
[Round "1"]
[White "Dauth, Benjamin"]
[Black "Zwisler, Lars Erik"]
[Result "1-0"]
[WhiteElo "2263"]
[BlackElo "1789"]
[PlyCount "69"]
[EventDate "2019.07.20"]
[EventType "swiss"]
[EventRounds "10"]
[EventCountry "DEN"]
[SourceTitle "CBM 191 Extra"]
[Source "ChessBase"]
[SourceDate "2019.09.30"]
[SourceVersion "1"]
[SourceVersionDate "2019.09.30"]
[SourceQuality "1"]

1. e4 d5 2. exd5 Nf6 3. Bb5+ Bd7 4. Bc4 c6 5. dxc6 Bxc6 6. Nf3 e6 7. 0-0 Bd6 8. d3 Qc7 9. Nbd2 Nbd7 10. Re1 0-0 11. Bb3 Rad8 12. Nf1 h6 13. Nd4 Nc5 14. Nxc6 Qxc6 15. Be3 a5 16. Bxc5 Bxc5 17. a4 Rd4 18. Ne3 Rfd8 19. Qe2 Qc7 20. Bc4 Rh4 21. g3 Rh5 22. c3 e5 23. Ng4 Rf5 24. Nxf6+ Rxf6 25. Qxe5 Bxf2+ 26. Kg2 Qb6 27. Re2 Qc6+ 28. Qe4 Qb6 29. d4 Bxd4 30. cxd4 Rxd4 31. Qe8+ Kh7 32. Bxf7 Rd8 33. Qe4+ g6 34. Qe7 Qc6+ 35. Bd5+ 1-0

[Event "GER-ch 37th"]
[Site "Magdeburg"]
[Date "2019.05.28"]
[Round "3"]
[White "Dauth, Benjamin"]
[Black "Adiyaman, Rene"]
[Result "1/2-1/2"]
[WhiteElo "2295"]
[BlackElo "2175"]
[PlyCount "101"]
[EventDate "2019.05.26"]
[EventType "swiss"]
[EventRounds "9"]
[EventCountry "GER"]
[SourceTitle "CBM 190 Extra"]
[Source "ChessBase"]
[SourceDate "2019.07.15"]
[SourceVersion "1"]
[SourceVersionDate "2019.07.15"]
[SourceQuality "1"]

1. e4 e5 2. Nf3 Nc6 3. Bb5 Nf6 4. d3 Bc5 5. Bxc6 dxc6 6. Be3 Bd6 7. Nbd2 Qe7 8. h3 Be6 9. Qe2 a6 10. d4 exd4 11. Bg5 Bb4 12. e5 Bxd2+ 13. Bxd2 Nd7 14. Nxd4 0-0-0 15. 0-0 Rhe8 16. Rfe1 Bxh3 17. Nxc6 bxc6 18. Qxa6+ Kb8 19. Be3 c5 20. b4 Bxg2 21. Kxg2 Qe6 22. Qxe6 Rxe6 23. bxc5 Nxe5 24. Rad1 Rg6+ 25. Kf1 Rxd1 26. Rxd1 Kb7 27. Rd8 Re6 28. Rg8 g6 29. a4 h5 30. c3 Nc4 31. Bd4 Nb2 32. Rg7 f5 33. Kg2 Nxa4 34. Kg3 Kc6 35. f3 Nxc5 36. Kf4 Nd3+ 37. Kg5 Ne1 38. Bf6 Nxf3+ 39. Kxg6 f4 40. Kf5 Rxf6+ 41. Kxf6 Nd2 42. Rg2 Ne4+ 43. Ke5 f3 44. Rg6+ Nd6 45. Rf6 Kc5 46. Rxf3 Nb5 47. Rh3 Kc4 48. Rh4+ Kc5 49. Ke6 Nxc3 50. Rxh5+ Kb4 51. Kd7 1/2-1/2

[Event "Rilton Cup 48th"]
[Site "Stockholm"]
[Date "2019.01.02"]
[Round "6"]
[White "Dauth, Benjamin"]
[Black "Percivaldi, Martin"]
[Result "1-0"]
[WhiteElo "2283"]
[BlackElo "2393"]
[PlyCount "59"]
[EventDate "2018.12.27"]
[EventType "swiss"]
[EventRounds "9"]
[EventCountry "SWE"]
[SourceTitle "CBM 188 Extra"]
[Source "ChessBase"]
[SourceDate "2019.02.26"]
[SourceVersion "1"]
[SourceVersionDate "2019.02.26"]
[SourceQuality "1"]

1. e4 c5 2. c3 Nf6 3. e5 Nd5 4. d4 cxd4 5. Qxd4 e6 6. Nf3 Nc6 7. Qe4 f5 8. exf6 Nxf6 9. Qh4 e5 10. Bb5 e4 11. Nfd2 d5 12. c4 Be7 13. cxd5 0-0 14. dxc6 Ng4 15. Qg3 e3 16. cxb7 Bh4 17. Bc4+ Kh8 18. bxc8Q Qxc8 19. Qxh4 Rxf2 20. Ne4 Qxc4 21. Qxg4 Raf8 22. Bxe3 Rf1+ 23. Rxf1 Qxf1+ 24. Kd2 Rd8+ 25. Nd6 Rxd6+ 26. Bd4 Qf6 27. Kd3 Qf1+ 28. Kc2 Qc4+ 29. Nc3 Rxd4 30. Qe2 1-0

[Event "Rilton Cup 48th"]
[Site "Stockholm"]
[Date "2018.12.31"]
[Round "5"]
[White "Koykka, Pekka"]
[Black "Dauth, Benjamin"]
[Result "1/2-1/2"]
[WhiteElo "2405"]
[BlackElo "2283"]
[PlyCount "61"]
[EventDate "2018.12.27"]
[EventType "swiss"]
[EventRounds "9"]
[EventCountry "SWE"]
[SourceTitle "CBM 188 Extra"]
[Source "ChessBase"]
[SourceDate "2019.02.26"]
[SourceVersion "1"]
[SourceVersionDate "2019.02.26"]
[SourceQuality "1"]

1. Nf3 Nf6 2. g3 g6 3. Bg2 Bg7 4. d4 0-0 5. 0-0 d5 6. c4 c6 7. cxd5 cxd5 8. Nc3 b6 9. Bf4 Bb7 10. Rc1 Nc6 11. Ne5 Rc8 12. Qa4 a6 13. Nxc6 Rxc6 14. Be5 e6 15. Rc2 Nd7 16. Bxg7 Kxg7 17. e3 Qc7 18. Rfc1 Rc8 19. Qb3 Nf6 20. Bf3 Rc4 21. Be2 b5 22. Bd3 Qb6 23. Na4 Rxa4 24. Rxc8 Bxc8 25. Rxc8 Nd7 26. a3 Qa5 27. Qc2 b4 28. Rc7 bxa3 29. bxa3 Nf6 30. Ra7 Rxa3 31. Rxa6 1/2-1/2

[Event "Rilton Cup 48th"]
[Site "Stockholm"]
[Date "2018.12.28"]
[Round "2"]
[White "Dauth, Benjamin"]
[Black "Dev, Shah"]
[Result "1-0"]
[WhiteElo "2283"]
[BlackElo "2159"]
[PlyCount "115"]
[EventDate "2018.12.27"]
[EventType "swiss"]
[EventRounds "9"]
[EventCountry "SWE"]
[SourceTitle "CBM 188 Extra"]
[Source "ChessBase"]
[SourceDate "2019.02.26"]
[SourceVersion "1"]
[SourceVersionDate "2019.02.26"]
[SourceQuality "1"]

1. e4 e5 2. Bc4 Nf6 3. d3 Nc6 4. Nf3 Be7 5. 0-0 0-0 6. a4 d6 7. h3 Na5 8. Ba2 c5 9. Re1 Nc6 10. c3 h6 11. Nbd2 Re8 12. Nf1 Bf8 13. Ng3 Be6 14. Bxe6 Rxe6 15. c4 g6 16. Nd2 Bg7 17. Ndf1 Nd4 18. a5 Kh7 19. Ne3 Qd7 20. Bd2 Rf8 21. b4 Ng8 22. Ne2 f5 23. Nd5 f4 24. f3 g5 25. bxc5 dxc5 26. Nxd4 exd4 27. Qa4 Qc8 28. Rab1 Rf7 29. Rb5 Be5 30. Reb1 Rg6 31. Qa3 Bd6 32. e5 Bf8 33. Qb3 Rgg7 34. Qd1 Qe6 35. Qe2 Rf5 36. Qe4 Kh8 37. Re1 Rgf7 38. Kf2 h5 39. Bc1 Bg7 40. Nf6 Bxf6 41. exf6 Qxf6 42. Rxb7 Rxb7 43. Qxb7 g4 44. Bd2 gxh3 45. gxh3 Qh4+ 46. Ke2 Qxh3 47. Kd1 Qg2 48. Qe4 Qg5 49. Kc2 Qf6 50. Qe8 Rg5 51. Re6 Qg7 52. Bxf4 Rg2+ 53. Bd2 Qg5 54. f4 Qg4 55. Re5 Rh2 56. Rxc5 Qh3 57. Qe5+ Kh7 58. Rc7+ 1-0

[Event "BL2-Nord 1819"]
[Site "Germany"]
[Date "2018.12.16"]
[Round "4.2"]
[White "Dauth, Benjamin"]
[Black "Gajek, Radoslaw"]
[Result "0-1"]
[WhiteElo "2283"]
[BlackElo "2475"]
[PlyCount "52"]
[EventDate "2018.11.10"]
[EventType "team-tourn"]
[EventRounds "10"]
[EventCountry "GER"]
[SourceTitle "CBM 190 Extra"]
[Source "ChessBase"]
[SourceDate "2019.07.15"]
[SourceVersion "1"]
[SourceVersionDate "2019.07.15"]
[SourceQuality "1"]
[WhiteTeam "Berlin Rotation"]
[BlackTeam "Lingen"]
[WhiteTeamCountry "GER"]
[BlackTeamCountry "GER"]

1. e4 e6 2. d4 d5 3. exd5 exd5 4. Bd3 Nc6 5. c3 Bd6 6. Nf3 Nge7 7. Nbd2 0-0 8. 0-0 Bf5 9. Bxf5 Nxf5 10. Qb3 Rb8 11. Re1 Nce7 12. Nf1 Ng6 13. Ne3 Nfe7 14. g3 c6 15. h4 Re8 16. Ng4 Qd7 17. Nfh2 h5 18. Ne3 Nxh4 19. Qd1 Qh3 20. Qxh5 Bxg3 21. fxg3 Qxg3+ 22. Kf1 Qxh2 23. Re2 Qh1+ 24. Kf2 Neg6 25. Nf1 Qg2+ 26. Ke1 Nf3+ 0-1

[Event "BL2-Nord 1819"]
[Site "Germany"]
[Date "2018.11.10"]
[Round "1.2"]
[White "Dauth, Benjamin"]
[Black "Blohberger, Felix"]
[Result "1/2-1/2"]
[WhiteElo "2276"]
[BlackElo "2434"]
[PlyCount "68"]
[EventDate "2018.11.10"]
[EventType "team-tourn"]
[EventRounds "10"]
[EventCountry "GER"]
[SourceTitle "CBM 190 Extra"]
[Source "ChessBase"]
[SourceDate "2019.07.15"]
[SourceVersion "1"]
[SourceVersionDate "2019.07.15"]
[SourceQuality "1"]
[WhiteTeam "Berlin Rotation"]
[BlackTeam "Berlin SF II"]
[WhiteTeamCountry "GER"]
[BlackTeamCountry "GER"]

1. e4 c5 2. c3 e6 3. Nf3 d5 4. exd5 exd5 5. d4 Nc6 6. Be3 cxd4 7. Nxd4 Bd6 8. Nd2 Nf6 9. Be2 0-0 10. 0-0 Re8 11. Re1 h6 12. h3 a6 13. Nxc6 bxc6 14. Bf3 Rb8 15. Nb3 a5 16. Qd2 a4 17. Nc5 Nd7 18. Nxa4 Ne5 19. Be2 Bxh3 20. f4 Ng4 21. Bxg4 Bxg4 22. Bc5 Rxe1+ 23. Rxe1 Bf5 24. Bxd6 Qxd6 25. b4 d4 26. Nc5 d3 27. a4 h5 28. a5 h4 29. Re5 g6 30. a6 Ra8 31. Nb7 Qc7 32. Nc5 Qd6 33. Nb7 Qc7 34. Nc5 Qd6 1/2-1/2

[Event "Helsingor Xtracon op"]
[Site "Helsingor"]
[Date "2018.07.24"]
[Round "5"]
[White "Haraldsson, Leif"]
[Black "Dauth, Benjamin"]
[Result "0-1"]
[WhiteElo "1942"]
[BlackElo "2325"]
[PlyCount "82"]
[EventDate "2018.07.21"]
[EventType "swiss"]
[EventRounds "10"]
[EventCountry "DEN"]
[SourceTitle "CBM 185 Extra"]
[Source "ChessBase"]
[SourceDate "2018.07.29"]
[SourceVersion "1"]
[SourceVersionDate "2018.07.29"]
[SourceQuality "1"]

1. f4 c5 2. Nf3 Nc6 3. g3 g6 4. Bg2 Bg7 5. c3 d5 6. e3 Nf6 7. 0-0 0-0 8. d4 c4 9. Nh4 Bg4 10. Qe1 e6 11. Nd2 Bf5 12. e4 Bxe4 13. Nxe4 Nxe4 14. Bxe4 dxe4 15. Qxe4 Qd6 16. Be3 b5 17. Rad1 Ne7 18. Qc2 Nd5 19. Bd2 Rfc8 20. Rfe1 b4 21. Nf3 Qa6 22. cxb4 c3 23. bxc3 Nxb4 24. Qb3 Nd3 25. Re3 Rab8 26. Qc2 Nb4 27. Qe4 Nd5 28. Rd3 Qxa2 29. h4 Qc2 30. Rc1 Rb1 31. Rxb1 Qxb1+ 32. Ne1 h5 33. Kh2 Qa2 34. Kh3 a5 35. Qf3 a4 36. g4 hxg4+ 37. Kxg4 Nf6+ 38. Kh3 Qd5 39. Nc2 Ne4 40. Bc1 Nf2+ 41. Qxf2 Qf5+ 0-1

[Event "Helsingor Xtracon op"]
[Site "Helsingor"]
[Date "2018.07.23"]
[Round "4"]
[White "Dauth, Benjamin"]
[Black "Petersen, Steen Brustrup"]
[Result "0-1"]
[WhiteElo "2325"]
[BlackElo "2111"]
[PlyCount "69"]
[EventDate "2018.07.21"]
[EventType "swiss"]
[EventRounds "10"]
[EventCountry "DEN"]
[SourceTitle "CBM 185 Extra"]
[Source "ChessBase"]
[SourceDate "2018.07.29"]
[SourceVersion "1"]
[SourceVersionDate "2018.07.29"]
[SourceQuality "1"]

1. e4 e5 2. Nf3 Nc6 3. Bc4 Nf6 4. d3 Be7 5. 0-0 d6 6. c3 0-0 7. h3 Na5 8. Bb5 c5 9. Ba4 h6 10. Nbd2 Qc7 11. Re1 Rb8 12. Nf1 b5 13. Bc2 Nc6 14. Ng3 d5 15. exd5 Nxd5 16. Qe2 Nf4 17. Qe3 f5 18. Bb3+ Kh7 19. Nxe5 Nxe5 20. Qxf4 Bd6 21. Qh4 Ng6 22. Qh5 Bxg3 23. fxg3 Qxg3 24. Re3 Qd6 25. Re2 Bd7 26. Be3 Rbe8 27. Rae1 Bc6 28. Bd2 Qg3 29. Rf1 f4 30. Be1 Rxe2 31. Qxe2 Re8 32. Qf2 Re3 33. Bd2 Nh4 34. Qxg3 Rxg3 35. Rxf4 0-1

[Event "Helsingor Xtracon op"]
[Site "Helsingor"]
[Date "2018.07.21"]
[Round "1"]
[White "Pedersen, Lars Wisler"]
[Black "Dauth, Benjamin"]
[Result "0-1"]
[WhiteElo "1856"]
[BlackElo "2325"]
[PlyCount "44"]
[EventDate "2018.07.21"]
[EventType "swiss"]
[EventRounds "10"]
[EventCountry "DEN"]
[SourceTitle "CBM 185 Extra"]
[Source "ChessBase"]
[SourceDate "2018.07.29"]
[SourceVersion "1"]
[SourceVersionDate "2018.07.29"]
[SourceQuality "1"]

1. e4 e5 2. Nf3 Nc6 3. d4 exd4 4. Nxd4 Qh4 5. Nc3 Bb4 6. Be2 Nge7 7. Ndb5 Ba5 8. 0-0 a6 9. g3 Qf6 10. Nd5 Nxd5 11. exd5 axb5 12. dxc6 dxc6 13. Bd3 Bh3 14. Qe2+ Kf8 15. Rd1 h5 16. c3 Bg4 17. Qc2 h4 18. Be2 hxg3 19. fxg3 Bb6+ 20. Kh1 Qf2 21. h4 Qxg3 22. Bg5 Qh3# 0-1

[Event "Berlin-ch MT"]
[Site "Berlin"]
[Date "2018.04.08"]
[Round "9"]
[White "Jaeger, Tobias"]
[Black "Dauth, Benjamin"]
[Result "1/2-1/2"]
[WhiteElo "2116"]
[BlackElo "2337"]
[PlyCount "102"]
[EventDate "2018.03.31"]
[EventType "swiss"]
[EventRounds "9"]
[EventCountry "GER"]
[SourceTitle "EXT 2020"]
[Source "ChessBase"]
[SourceDate "2019.10.17"]
[SourceVersion "1"]
[SourceVersionDate "2019.10.17"]
[SourceQuality "1"]

1. e4 e5 2. Nf3 Nc6 3. d4 exd4 4. Nxd4 Nf6 5. Nc3 Bb4 6. Nxc6 Bxc3+ 7. bxc3 dxc6 8. Qxd8+ Kxd8 9. f3 Be6 10. Be3 Ke7 11. Bc5+ Ke8 12. Bd4 Rd8 13. a3 Ke7 14. 0-0-0 b6 15. Be2 c5 16. Be5 c6 17. Bc7 Rd7 18. Rxd7+ Kxd7 19. Be5 Rd8 20. Rd1+ Ke7 21. Rxd8 Kxd8 22. g4 Ne8 23. h4 f6 24. Bf4 Kd7 25. Kd2 Nd6 26. e5 Nc4+ 27. Bxc4 Bxc4 28. exf6 gxf6 29. g5 fxg5 30. hxg5 Bd5 31. Ke3 Bf7 32. Bb8 a5 33. f4 Bg6 34. Kd2 b5 35. Kc1 Ke6 36. Bc7 a4 37. Kb2 Kd5 38. Bd8 Bf5 39. Be7 Be6 40. Bf8 Bg4 41. Be7 Bf5 42. Bf8 Be6 43. Be7 Ke4 44. Bxc5 Kxf4 45. Be7 Kf5 46. Bd8 Bd5 47. Kc1 Be4 48. Kb2 Ke6 49. c4 bxc4 50. c3 Bg6 51. Kc1 Kd5 1/2-1/2

[Event "Berlin-ch MT"]
[Site "Berlin"]
[Date "2018.04.07"]
[Round "8"]
[White "Dauth, Benjamin"]
[Black "Lachmann, Utz"]
[Result "1-0"]
[WhiteElo "2337"]
[BlackElo "2179"]
[PlyCount "99"]
[EventDate "2018.03.31"]
[EventType "swiss"]
[EventRounds "9"]
[EventCountry "GER"]
[SourceTitle "EXT 2020"]
[Source "ChessBase"]
[SourceDate "2019.10.17"]
[SourceVersion "1"]
[SourceVersionDate "2019.10.17"]
[SourceQuality "1"]

1. e4 c6 2. d4 d5 3. exd5 cxd5 4. Bd3 Nc6 5. c3 Qc7 6. Ne2 Bg4 7. Bf4 Qxf4 8. Nxf4 Bxd1 9. Kxd1 e6 10. Re1 Nf6 11. Nd2 Bd6 12. Nh3 0-0 13. f4 Rac8 14. g3 a6 15. Ng5 h6 16. Ngf3 Rc7 17. a4 Na5 18. Re2 Rb8 19. Nf1 Nc4 20. a5 Bf8 21. f5 exf5 22. Bxf5 Nd6 23. Bd3 Re7 24. Ne5 Rbe8 25. Ne3 Rc7 26. Kc2 Rec8 27. Rf1 Nf5 28. Kd2 Nd6 29. Ke1 Re7 30. Kd1 Rb8 31. Kc2 Rc7 32. Kc1 Nb5 33. Nf5 g6 34. Bxb5 axb5 35. Ne3 Bg7 36. Rxf6 Bxf6 37. Nxd5 Bg5+ 38. Kd1 Rcc8 39. Nd7 Rd8 40. N5b6 b4 41. h4 Rxd7 42. Nxd7 Rd8 43. Nc5 bxc3 44. bxc3 Bf6 45. Nxb7 Rc8 46. a6 Kg7 47. Nd6 Rc6 48. Ne8+ Kf8 49. Nxf6 Rxf6 50. Ra2 1-0

[Event "Berlin-ch MT"]
[Site "Berlin"]
[Date "2018.04.06"]
[Round "7"]
[White "Brustkern, Juergen"]
[Black "Dauth, Benjamin"]
[Result "1/2-1/2"]
[WhiteElo "2254"]
[BlackElo "2337"]
[PlyCount "74"]
[EventDate "2018.03.31"]
[EventType "swiss"]
[EventRounds "9"]
[EventCountry "GER"]
[SourceTitle "EXT 2020"]
[Source "ChessBase"]
[SourceDate "2019.10.17"]
[SourceVersion "1"]
[SourceVersionDate "2019.10.17"]
[SourceQuality "1"]

1. c4 c5 2. Nc3 g6 3. e3 Bg7 4. d4 cxd4 5. exd4 Nf6 6. Bg5 h6 7. Be3 d5 8. h3 Nc6 9. a3 Be6 10. c5 Ne4 11. Bb5 0-0 12. Nge2 f5 13. h4 Bf7 14. f3 Nxc3 15. bxc3 e5 16. Bxc6 bxc6 17. dxe5 Bxe5 18. Qd2 Re8 19. Kf2 Rb8 20. Bd4 Rb5 21. Nf4 Qb8 22. Bxe5 Rb2 23. Bxb8 Rxd2+ 24. Kg3 Rxb8 25. Rab1 Rbb2 26. Rxb2 Rxb2 27. Nd3 Rb3 28. Rd1 Rxc3 29. Kf4 d4 30. Ke5 Bb3 31. Rd2 Ba4 32. Kxd4 Rxa3 33. Ke5 Kg7 34. Kd6 Bb5 35. Ne5 Kf6 36. Nd7+ Kg7 37. Ne5 Kf6 1/2-1/2

[Event "Berlin-ch MT"]
[Site "Berlin"]
[Date "2018.04.05"]
[Round "6"]
[White "Dauth, Benjamin"]
[Black "Figura, Atila Gajo"]
[Result "1/2-1/2"]
[WhiteElo "2337"]
[BlackElo "2381"]
[PlyCount "40"]
[EventDate "2018.03.31"]
[EventType "swiss"]
[EventRounds "9"]
[EventCountry "GER"]
[SourceTitle "EXT 2020"]
[Source "ChessBase"]
[SourceDate "2019.10.17"]
[SourceVersion "1"]
[SourceVersionDate "2019.10.17"]
[SourceQuality "1"]

1. e4 c6 2. d4 d5 3. exd5 cxd5 4. Bd3 Nc6 5. c3 g6 6. Nf3 Bg7 7. 0-0 Nf6 8. Re1 0-0 9. Nbd2 Bf5 10. Nf1 Bxd3 11. Qxd3 e6 12. Ng3 Rc8 13. Bg5 Qb6 14. Re2 Qa6 15. Qd2 Ne8 16. Bh6 Nd8 17. a3 f6 18. Rae1 Qd6 19. Bf4 Qd7 20. Qc2 Nd6 1/2-1/2

[Event "GER CupT 1718 Round2 (3)"]
[Site "Lemgo"]
[Date "2018.03.03"]
[Round "1"]
[White "Dauth, Benjamin"]
[Black "Leisner, Hannes"]
[Result "0-1"]
[WhiteElo "2328"]
[BlackElo "2280"]
[PlyCount "96"]
[EventDate "2018.03.03"]
[EventType "team-k.o."]
[EventRounds "2"]
[EventCountry "GER"]
[SourceTitle "CBM 183 Extra"]
[Source "ChessBase"]
[SourceDate "2018.04.19"]
[SourceVersion "1"]
[SourceVersionDate "2018.04.19"]
[SourceQuality "1"]
[WhiteTeam "Pankow Rotation"]
[BlackTeam "Greifswald"]
[WhiteTeamCountry "GER"]
[BlackTeamCountry "GER"]

1. e4 c5 2. c3 d5 3. exd5 Qxd5 4. d4 Nc6 5. Nf3 Bg4 6. Be2 cxd4 7. cxd4 e6 8. Nc3 Qa5 9. h3 Bh5 10. 0-0 Nf6 11. Ne5 Bxe2 12. Nxc6 Qxc3 13. bxc3 Bxd1 14. Na5 Be2 15. Re1 Ba6 16. a4 Rc8 17. Bd2 Be7 18. Rab1 b6 19. Nb3 0-0 20. a5 Nd5 21. axb6 axb6 22. Nc1 h6 23. Ra1 Bc4 24. Ra7 Ra8 25. Rb7 Rfb8 26. Rd7 Bb5 27. Rxd5 exd5 28. Rxe7 Bc4 29. f3 Re8 30. Rxe8+ Rxe8 31. Kf2 Kf8 32. h4 Re6 33. Be3 Ke8 34. Ne2 Bxe2 35. Kxe2 Kd7 36. g4 Kc6 37. Kd3 Re8 38. Bc1 Kb5 39. h5 f5 40. Bd2 fxg4 41. fxg4 Re4 42. g5 hxg5 43. c4+ Kc6 44. Bxg5 Rg4 45. Bd8 Rg3+ 46. Kc2 dxc4 47. d5+ Kxd5 48. Bxb6 Rh3 0-1